Dragonlance : kroniky /

Další autoři: Hickman, Tracy, 1955-, Weis, Margaret, 1948-, Doležel, Pavel, 1939-
Jazyk: Čeština
Vydáno: [Brno] : Návrat, 1995
Fyzický popis: 491 s.
Knihy
Uloženo v:
LEADER 00965nam a2200265 a 4500
001 000019895
003 CZ BrMZK
005 19950407143423.0
008 950407s1995 xr f cze d
020 |a 80-7174-373-9 
040 |a BOA001  |b cze 
080 |a 820-93-34=850(082)  |2 MRF 
245 0 0 |a Dragonlance :  |b kroniky /  |c Margaret Weis & Tracy Hickman ; z angl. orig. přel. Pavel Doležel.. Sv. 1.,Draci podzimního soumraku 
246 3 3 |a Draci podzimního soumraku 
246 3 |a Dračí kopí - sága 
260 |a [Brno] :  |b Návrat,  |c 1995 
300 |a 491 s. 
500 |a V tir. náz.: Dračí kopí - sága 
700 1 |a Hickman, Tracy,  |d 1955-  |7 jn20001227778  |4 aut 
700 1 |a Weis, Margaret,  |d 1948-  |7 jn20001103813  |4 aut 
700 1 |a Doležel, Pavel,  |d 1939-  |7 mzk2006322936 
910 |a BOA001  |b PK-0122.735,1 
962 |a 820-93-34 
990 |a BK 
996 7 |b 3119000159  |c PK-0122.735,1  |l MZK  |r Sklad / do 1 hodiny  |n 42  |p kup  |w 000019895  |u 000010  |a 1  |e BOA001  |j MZK50  |s A